000
00307 a2200145 4500
001
47549
020
_a
9788566438673
040
_c
Anchieta - Aquarius
240
1
0
_a
Salada de frutas
_l
por
245
1
0
_a
Salada de frutas
300
_a
33p.
362
0
_a
2016
650
4
_a
Literatura infantil
942
_c
BK
999
_c
47549
_d
47549